| 000 | 01148cam a2200241 4500 | ||
|---|---|---|---|
| 002 | ##7861 | ||
| 008 | 000000n2000 000 0 eng u | ||
| 020 | _a1842190180 | ||
| 035 | _a(Sirsi) u105638 | ||
| 041 | 0 | _aeng | |
| 050 | 0 | 4 | _a380.1 $2 18 |
| 110 | 2 |
_aRoyal Institution of Chartered Surveyors _94900 |
|
| 245 | 0 | 0 | _aGuidance notes for auctioneers proposing to sell plant and machinery at public auction in England, Wales and Scotland |
| 260 |
_aLondon _bRICS _c2000 |
||
| 300 |
_a11p. _c30cm. |
||
| 490 | 0 | _aRICS Guidance Note | |
| 520 | _aProvides best practice advice for the preparation and conduct of the auction including: acceptance and agreement of instructions; pre-auction work; the auction itself; post-auction procedures; complaints handling and disputes resolution; and legal responsibilities. Highlights common problems and areas of liability for the auctioneer. | ||
| 520 | _aSuperseded by second edition (ISBN 9781842194492). | ||
| 651 | 4 | _aGREAT BRITAIN | |
| 690 | _aPROPERTY-BUSINESS ASSETS-AUCTIONEERING BUSINESS ASSETS | ||
| 856 | 4 | 1 | _ahttp://www.rics.org/site/scripts/downloads.aspx?categoryID=452 |
| 942 | _n0 | ||
| 999 |
_c100460 _d100460 |
||